000 00591pam a2200217 a 4500
001 934334
005 20180201072921.0
008 830907s1984 nyua b 001 0 eng
010 _a 83019585
020 _a007007383X :
_c$27.95 (est.)
040 _aDLC
_cDLC
_dDLC
041 _aeng
080 _a658.15 BRE
082 0 0 _a658.15 BRE
_219
100 1 _a56
101 _aFIN
245 1 0 _aPrinciples of corporate finance /
_cRichard Brealey, Stewart Myers.
504 _aIncludes bibliographies and index.
906 _a7
_bcbc
_corignew
_d1
_eocip
_f19
_gy-gencatlg
942 _2ddc
_cBK
999 _c41534
_d41534